LIBRARY & INFORMATION CENTRE, KCAET, TAVANUR

ONLINE PUBLIC ACCESS CATALOGUE (OPAC)

Introduction to basic manufacturing processes and workshop technology / (Record no. 13112)

MARC details
000 -LEADER
fixed length control field 00499cam a2200181ua 4500
041 ## - LANGUAGE CODE
Language code of text/sound track or separate title eng
082 ## - DEWEY DECIMAL CLASSIFICATION NUMBER
Classification number 670
Item number SIN/IN
100 ## - MAIN ENTRY--AUTHOR NAME
Personal name Rajendar, Singh .
245 ## - TITLE STATEMENT
Title Introduction to basic manufacturing processes and workshop technology /
250 ## - EDITION STATEMENT
Edition statement 1 /
260 ## - PUBLICATION, DISTRIBUTION, ETC. (IMPRINT)
Place of publication New Delhi :
Name of publisher New Age International ,
Year of publication 2006.
300 ## - PHYSICAL DESCRIPTION
Number of Pages 670 ; .
942 ## - ADDED ENTRY ELEMENTS (KOHA)
Koha item type Books
Holdings
Withdrawn status Lost status Damaged status Home library Current library Date acquired Full call number Accession Number Koha item type
      KAUAET KAUAET 07/04/2012 670 21375 Books
free website counter